Casos prácticos de derecho administrativo / Sebastián Martín-Retortillo, Federico C. Sainz de Robles
Descripción Física:
216 p. ; 22 cm
Otros Autores:
Sainz de Robles, Federico Carlos
Materias:
Dret administratiu -- Casos
MARC
| LEADER | 00000nam a2200000Ia 4500 | ||
|---|---|---|---|
| 001 | 13822 | ||
| 008 | 160829s1966 xx 000 0 cat d | ||
| 080 | |a D-2-9 | ||
| 100 | |a Martín-Retortillo, Sebastián |9 29100 | ||
| 245 | |a Casos prácticos de derecho administrativo / Sebastián Martín-Retortillo, Federico C. Sainz de Robles | ||
| 260 | |a Valladolid : |b Lex Nova, |c 1966 | ||
| 300 | |a 216 p. ; |c 22 cm | ||
| 590 | |a Notes. | ||
| 590 | |a Referències bibliogràfiques | ||
| 650 | 0 | |a Dret administratiu |v Casos |9 8869 | |
| 700 | |a Sainz de Robles, Federico Carlos |9 11604 | ||
| 901 | |a Arxiu | ||
| 942 | |n 1 | ||
| 952 | |0 1 |1 0 |2 udc |4 0 |5 2 |6 D29 |7 1 |9 45060 |a Arxiu |b Arxiu |d 2016-12-01 |l 0 |o D-2-9 |p 13822 |r 2016-12-01 00:00:00 |w 2016-12-01 |y ARXIU | ||
| 999 | |c 47680 |d 47680 | ||